| 000 | 00448nam a22001337a 4500 | ||
|---|---|---|---|
| 040 | _cNUST | ||
| 082 | _a220 PRO | ||
| 100 |
_aNC ABDUL REHMAN NC DANIAL AHMAD NC IJAZ AHMED _9122794 |
||
| 110 |
_aSUPERVISOR DR. IMRAN AKHTAR PROJECT CO-SUPERVISOR DR. ZAFAR BANGASH _9122795 |
||
| 245 | _aPR-SOF-2293-Design and fabrication of an Ornithopter | ||
| 260 |
_aISLAMABAD: _bNUST COLLEGE OF EME, _c2023. |
||
| 650 |
_aDE-MECH-41 _9122750 |
||
| 942 |
_2ddc _cPR |
||
| 999 |
_c609228 _d609228 |
||